1361 1482 1655 1148 1174 1026 1013 1298 1096 1078 1681 1832 1228 1725 1805 1118 1631 1796 1054 1631 1659 1693 1125 1506 1500 1452 1638 1487 1195 1038 1088 1164 1759 1004 1905 1041 1293 1236 1727 1640 1327 1407 1376 1831 1106 1571 1026 1915 1696 1597 1555 1165 1373 1265 1144 1326 1998 1436 1627 1946 1135 1928 1251 1947 1761 1548 1182 1163 1115 1656 1334 1730 1715 1706 1432 1074 1166 1730 1844 1365 1220 1921 1626 1959 1513 2000 1597 1179 1896 1653 1535 1897 1729 1119 1303 1178 1396 1926 1183 BCNSPRNW ULIB Ver.6.0+V

เปลี่ยนเป็นภาษาไทย

Change to English
 แสดงรายละเอียดบรรณานุกรม
  กลับหน้าหลัก

Brief Record : Get Marc (ISO 2709) : E-mail record : QR code < ปิดหน้าต่าง
LEADER : 00000nam 2200000uu 4500
001    13399125123
003     ULIB
008    160930s2555||||th 000 0 tha d
020    ^a9786167531281
090    ^aนว.^bก305ส
100    ^aกันยากร
245    ^aเสน่หาในรอยทราย /^cกันยากร
260    ^aกรุงเทพฯ :^bสำนักพิมพ์ ทัช ,^c2555
300    ^a344 หน้า
945    ^p240^l0^i001358
999    ^aณรีรัตน์ วารุกา
รายการนี้ยังไม่มีแท็ก
คุณยังไม่ได้ล็อกอิน คุณสามารถมีกิจกรรมร่วมกับเว็บไซต์ได้ แต่ต้องล็อกอินก่อน ::
  ล็อกอิน

รายการสื่อสารสนเทศ

ลำดับที่ ประเภท เลขเรียก/บาร์โค้ด สถานที่ สถานะ
1. นวนิยาย
นวนิยาย
นว. ก305ส ฉ.1 
  Barcode: 001358
ห้องสมุดวิทยาเขตนครสวรรค์
►นวนิยาย:l:Fiction
บนชั้น

BibComment


ยังไม่เคยถูกคอมเมนท์

คอมเมนท์ทรัพยากรรายการนี้
  คอมเมนท์: เสน่หาในรอยทราย ..


 Copyright 2026. Bcnsprnw @Library